A Community of clowns : (Record no. 38947)

MARC details
000 -LEADER
fixed length control field 01027cam a2200301ua 4500
001 - CONTROL NUMBER
control field 4460159
005 - DATE AND TIME OF LATEST TRANSACTION
control field 20100301011913.0
008 - FIXED-LENGTH DATA ELEMENTS--GENERAL INFORMATION
fixed length control field 870409s1987 sz a b 000 0 eng d
020 ## - INTERNATIONAL STANDARD BOOK NUMBER
International Standard Book Number 2825408816 (pbk.)
035 ## - SYSTEM CONTROL NUMBER
System control number (OCoLC)15585447
035 ## - SYSTEM CONTROL NUMBER
System control number (OCoLC)ocm15585447
035 ## - SYSTEM CONTROL NUMBER
System control number (NNC)4460159
040 ## - CATALOGING SOURCE
Original cataloging agency NNUT
Transcribing agency NNUT
Modifying agency NjPT
-- NNUT
050 ## - LIBRARY OF CONGRESS CALL NUMBER
Classification number BV2063
Item number .C66 1987
610 20 - SUBJECT ADDED ENTRY--CORPORATE NAME
Corporate name or jurisdiction name as entry element Urban Rural Mission.
245 02 - TITLE STATEMENT
Title A Community of clowns :
Remainder of title testimonies of people in Urban Rural Mission /
Statement of responsibility, etc compiled by Hugh Lewin.
260 ## - PUBLICATION, DISTRIBUTION, ETC. (IMPRINT)
Place of publication, distribution, etc Geneva :
Name of publisher, distributor, etc WCC Publications,
Date of publication, distribution, etc c1987.
300 ## - PHYSICAL DESCRIPTION
Extent xiii, 303 p. :
Other physical details ill. ;
Dimensions 22 cm.
504 ## - BIBLIOGRAPHY, ETC. NOTE
Bibliography, etc Includes bibliographical references.
650 #0 - SUBJECT ADDED ENTRY--TOPICAL TERM
Topical term or geographic name as entry element Missions.
650 #0 - SUBJECT ADDED ENTRY--TOPICAL TERM
Topical term or geographic name as entry element Church and social problems.
650 #0 - SUBJECT ADDED ENTRY--TOPICAL TERM
Topical term or geographic name as entry element Christianity and justice.
700 1# - ADDED ENTRY--PERSONAL NAME
Personal name Lewin, Hugh.
710 2# - ADDED ENTRY--CORPORATE NAME
Corporate name or jurisdiction name as entry element World Council of Churches.
942 ## - ADDED ENTRY ELEMENTS (KOHA)
Source of classification or shelving scheme Library of Congress Classification
Item type Book
Holdings
Withdrawn status Lost status Source of classification or shelving scheme Damaged status Not for loan Collection code Home library Current library Shelving location Date acquired Source of acquisition Total Checkouts Full call number Barcode Copy number Price effective from Koha item type
    Library of Congress Classification     Non-fiction Bishop Okullu Memorial Library (Limuru Campus) Bishop Okullu Memorial Library (Limuru Campus) General Circulation 02/08/2011 donation   BV2063 .C66 1987 027289 1 02/08/2011 Book
    Library of Congress Classification     Non-fiction Bishop Okullu Memorial Library (Limuru Campus) Bishop Okullu Memorial Library (Limuru Campus) General Circulation 24/01/2013 purchase   BV2063 .C66 1987 034591 2 24/01/2013 Book